| 000 | 00606nam a22001937a 4500 | ||
|---|---|---|---|
| 999 |
_c172479 _d172479 |
||
| 005 | 20200206103012.0 | ||
| 010 | _aA-353886 | ||
| 020 | _c60.00 | ||
| 035 | _aA-353886 | ||
| 037 | _bBPPD/Pub. | ||
| 082 | _a921 | ||
| 100 | _aبی - آر - نندا | ||
| 245 |
_aمہاتما گاندھی / _cبی - آر - نندا |
||
| 246 |
_aMahatma Gandhi (Urdu) / _bby B.R. Nanda ; translated by Ali Jawad Zaidi |
||
| 260 |
_aNew Delhi _bTaraqqi Urdu Bureau _c1986 ء |
||
| 270 |
_aWest Block 8, R.K. Puram _bNew Delhi _e110066 |
||
| 300 |
_a580p. _c21cm(Hb) |
||
| 942 |
_2ddc _cUR _h921 _mگ ا ں |
||